UM Logo
Normal view MARC view
  • Ma. Christina Regiz- Viloria

Entry Personal Name

Number of records used in: 1

001 - CONTROL NUMBER

  • control field: 31959

003 - CONTROL NUMBER IDENTIFIER

  • control field: OSt

005 - DATE AND TIME OF LATEST TRANSACTION

  • control field: 20181004115337.0

008 - FIXED-LENGTH DATA ELEMENTS

  • fixed length control field: 181004|| aca||aabn | a|a d

040 ## - CATALOGING SOURCE

  • Original cataloging agency: OSt

100 ## - HEADING--PERSONAL NAME

  • Personal name: Ma. Christina Regiz- Viloria